Principles of Mathematical Analysis (Record no. 82997)

MARC details
000 -LEADER
fixed length control field 00596pam a2200193 a 4500
020 ## - INTERNATIONAL STANDARD BOOK NUMBER
International Standard Book Number 0-07-785613-3
Terms of availability
040 ## - CATALOGING SOURCE
Original cataloging agency NMHR_425001
041 ## - LANGUAGE CODE
Language code of text/sound track or separate title eng
082 ## - DEWEY DECIMAL CLASSIFICATION NUMBER
Classification number 515
Item number RUD
100 ## - MAIN ENTRY--PERSONAL NAME
Personal name Rudin, W
245 ## - TITLE STATEMENT
Title Principles of Mathematical Analysis
Statement of responsibility, etc. by Walter Rudin
Medium Textual Documents
250 ## - EDITION STATEMENT
Edition statement 3rd ed
260 ## - PUBLICATION, DISTRIBUTION, ETC.
Place of publication, distribution, etc. New Delhi
Name of publisher, distributor, etc. McGraw-Hill Book Company
Date of publication, distribution, etc. 1993
300 ## - PHYSICAL DESCRIPTION
Extent 342p
Dimensions 21 x 15 cm
365 ## - TRADE PRICE
Price type code Rs.149.00
Price note Paper Back
500 ## - GENERAL NOTE
General note This document contains back index from page no. 339 to 342
504 ## - BIBLIOGRAPHY, ETC. NOTE
Bibliography, etc. note This document contains bibliography from pg. no 335 to 336
930 ## - EQUIVALENCE OR CROSS-REFERENCE-UNIFORM TITLE HEADING [LOCAL, CANADA]
Uniform title 6081
Holdings
Withdrawn status Lost status Damaged status Not for loan Collection Home library Current library Date acquired Source of acquisition Total Checkouts Full call number Barcode Date last seen Copy number Price effective from Koha item type
          Yashwantrao Mohite College of Arts, Science And Commerce, Pune Yashwantrao Mohite College of Arts, Science And Commerce, Pune 07/05/2021 Quartetee Book   515 RUD YMP-35291 24/02/2023 2 24/02/2023 Book
          Yashwantrao Mohite College of Arts, Science And Commerce, Pune Yashwantrao Mohite College of Arts, Science And Commerce, Pune 07/05/2021 Quartetee Book   515 RUD YMP-35290 24/02/2023 1 24/02/2023 Book